| 000 | 02059cam a22005894i 4500 | ||
|---|---|---|---|
| 003 | PE-LiUPU | ||
| 005 | 20250731170448.0 | ||
| 008 | 150706s2001 mx a rb 000 0 spa d | ||
| 020 | _a9684269048 | ||
| 020 | _a9789684269040 | ||
| 035 | _a(Sirsi) i9789684269040 | ||
| 040 |
_aPE-LiUPU _bspa _cPE-LiUPU _dPE-LiUPU _erda |
||
| 049 | _aPRUA | ||
| 082 | 0 | 4 |
_a153.15 _bC454a _221 |
| 100 | 1 |
_aChance, Paul, _eautor. |
|
| 245 | 1 | 0 |
_aAprendizaje y conducta / _cPaul Chance. |
| 250 | _aTercera edición. | ||
| 264 | 1 |
_aMéxico : _bManual Moderno, _c2001. |
|
| 300 |
_a418 páginas : _bilustraciones ; _c25 centímetros. |
||
| 336 |
_atext _2rdacontent |
||
| 337 |
_aunmediated _2rdamedia |
||
| 338 |
_avolume _2rdacarrier |
||
| 500 | _aTraducción de: Learning and behavior -- 4th edición. | ||
| 504 | _aIncluye bibliografía. | ||
| 505 | 0 | _aIntroducción: Aprendizaje para el cambio -- El estudio del aprendizaje y la conducta -- Procedimientos pelvianos -- Aplicaciones pelvianas -- Procedimientos operantes: Reforzamiento -- Procedimientos operantes: Castigo -- Aplicaciones operantes -- Aprendizaje vicario -- Generalización, discriminación y control del estímulo -- Programas de reforzamiento -- Olvido -- Límites de aprendizaje. | |
| 526 | _aSEG68 | ||
| 526 | _aSEG70 | ||
| 526 | _aSEG69 | ||
| 526 | _aSEG67 | ||
| 526 | _aSEG43 | ||
| 526 | _aP144 | ||
| 526 | _aP143 | ||
| 526 | _aP131 | ||
| 526 | _aP122 | ||
| 526 | _aP120 | ||
| 526 | _aP117 | ||
| 526 | _aP112 | ||
| 526 | _aP110 | ||
| 526 | _aP106 | ||
| 526 | _aP101 | ||
| 526 | _aP80 | ||
| 526 | _aP59 | ||
| 526 | _aP54 | ||
| 526 | _aP35 | ||
| 526 | _aP33 | ||
| 526 | _aP30 | ||
| 650 | 1 | 0 |
_aPsicología del aprendizaje. _9227 |
| 942 |
_2ddc _cBK |
||
| 949 |
_a153.15 _wDEWEY _c1 _i61807 _d2016-10-5 _e2016-10-3 _lCCODEBUL1 _mBUL _n9 _p53.00 _r0 _sY _tBOOK _u2015-7-6 _xSALUD _0COMPRA _o.STAFF. Colección Ciencias de la Salud |
||
| 999 |
_c50932 _d50932 |
||
| 980 |
_81 _gALBERTO SANCHEZ Responsable de Automatización |
||